| 000 | 01200cam a2200265 4500 | ||
|---|---|---|---|
| 001 | ##L134298 | ||
| 002 | ##10060 | ||
| 008 | 060725n2006 000 0 eng u | ||
| 020 | _a1904608396 | ||
| 035 | _a(Sirsi) u134298 | ||
| 041 | 0 | _aeng | |
| 050 | 0 | 4 | _a336.2 $2 18 |
| 100 | 1 | _aBayley, Carl | |
| 245 | 0 | 0 | _aHow to avoid property tax |
| 250 | _a8th ed. | ||
| 260 |
_aKirkcaldy _bTaxcafe UK Limited _c2006 |
||
| 300 |
_a282p. _c24cm. |
||
| 350 | _a24.95 | ||
| 505 | 2 | _aIntroduction -- Scope of this guide -- What is property tax? -- What kind of property investor are you? -- How to avoid income tax -- Avoiding income tax on a property investment business -- How to avoid tax on a property trade -- How to avoid capital gains tax -- Other taxes to watch out for -- Advanced tax planning -- Planning with more complex structures. | |
| 520 | _aA practical guide to saving income tax and capital gains tax on property investments and dealings. Aimed at all types of property investor, from buy-to-let landlord to amateur property developer to second home owners. | ||
| 520 | _aSuperseded by 9th ed. | ||
| 651 | 4 |
_aUnited Kingdom _y |
|
| 690 | _aPROPERTY-PROPERTY TAXATION | ||
| 942 | _n0 | ||
| 999 |
_c105643 _d105643 |
||